Honduras: en busca del encuentro 1978-1986; Relaciones Centroamérica México /
Պահպանված է:
| Հիմնական հեղինակ: | |
|---|---|
| Այլ հեղինակներ: | , , |
| Ձևաչափ: | Տեքստ |
| Հրապարակվել է: |
México D.F:
CIDE
|
| Ցուցիչներ: |
Ավելացրեք ցուցիչ
Չկան պիտակներ, Եղեք առաջինը, ով նշում է այս գրառումը!
|
MARC
| LEADER | 00000 a a2200000 04500 | ||
|---|---|---|---|
| 001 | 24256 | ||
| 003 | |||
| 040 | |||
| 020 | |a 968-29-1517-1 | ||
| 022 | |a 968-29-1517-1 | ||
| 090 | |a 166200 | ||
| 100 | |a Arancibia Córdova, Juan | ||
| 245 | |a Honduras: en busca del encuentro 1978-1986; Relaciones Centroamérica México / |c Juan Arancibia Córdova | ||
| 260 | |a México D.F: |b CIDE | ||
| 300 | |a 156 p |b **no definido** | ||
| 700 | |a Aguilar Zinser, Adolfo | ||
| 700 | |a coord | ||
| 700 | |a Jauberth Rojas, Rodrigo | ||
| 700 | |a coord | ||
| 999 | |c 5611 |d 5611 | ||



